Методы конкурентной борьбы между интернет-магазинами; Экономика России в XXI веке; Т. 2

Detaylı Bibliyografya
Parent link:Экономика России в XXI веке: сборник научных трудов XII Международной научно-практической конференции "Экономические науки и прикладные исследования", г. Томск, 17-21 ноября 2015 г./ Национальный исследовательский Томский политехнический университет (ТПУ) ; ред. кол. Г. А. Барышева [и др.].— , 2015
Т. 2.— 2015.— [С. 166-168]
Yazar: Воронина М. В.
Müşterek Yazar: Национальный исследовательский Томский политехнический университет (ТПУ)
Özet:Заглавие с титульного экрана
Рассмотрены преимущества и недостатки Интернет-торговли. Проведен анализ целесообразности открытия онлайн-магазина при существующем оффлайн-магазине. Так же рассмотрены методы конкурентной борьбы между интернет-магазинами.
Dil:Rusça
Baskı/Yayın Bilgisi: 2015
Seri Bilgileri:Роль маркетинга в инновационном развитии экономики и общества
Konular:
Online Erişim:http://earchive.tpu.ru/handle/11683/15403
http://www.lib.tpu.ru/fulltext/c/2015/C40/V2/034.pdf
Materyal Türü: MixedMaterials Elektronik Kitap Bölümü
KOHA link:https://koha.lib.tpu.ru/cgi-bin/koha/opac-detail.pl?biblionumber=616857

MARC

LEADER 00000naa2a2200000 4500
001 616857
005 20231101132930.0
035 |a (RuTPU)RU\TPU\conf\15113 
035 |a RU\TPU\conf\15110 
090 |a 616857 
100 |a 20160126d2015 k y0rusy50 ca 
101 0 |a rus 
102 |a RU 
105 |a y z 101zy 
135 |a drgn ---uucaa 
181 0 |a i  
182 0 |a b 
200 1 |a Методы конкурентной борьбы между интернет-магазинами  |f М. В. Воронина 
203 |a Текст  |c электронный 
225 1 |a Роль маркетинга в инновационном развитии экономики и общества 
230 |a 1 компьютерный файл (pdf; 515 Kb) 
300 |a Заглавие с титульного экрана 
320 |a [Библиогр.: с. 168 (4 назв.)] 
330 |a Рассмотрены преимущества и недостатки Интернет-торговли. Проведен анализ целесообразности открытия онлайн-магазина при существующем оффлайн-магазине. Так же рассмотрены методы конкурентной борьбы между интернет-магазинами. 
337 |a Adobe Reader 
461 1 |0 (RuTPU)RU\TPU\conf\14421  |t Экономика России в XXI веке  |o сборник научных трудов XII Международной научно-практической конференции "Экономические науки и прикладные исследования", г. Томск, 17-21 ноября 2015 г.  |o в 2 т.  |f Национальный исследовательский Томский политехнический университет (ТПУ) ; ред. кол. Г. А. Барышева [и др.]  |d 2015 
463 0 |0 (RuTPU)RU\TPU\conf\14423  |t Т. 2  |v [С. 166-168]  |d 2015 
610 1 |a труды учёных ТПУ 
610 1 |a электронный ресурс 
610 1 |a конкурентная борьба 
610 1 |a интернет-магазины 
700 1 |a Воронина  |b М. В. 
712 0 2 |a Национальный исследовательский Томский политехнический университет (ТПУ)  |c (2009- )  |2 stltpush  |3 (RuTPU)RU\TPU\col\15902 
801 2 |a RU  |b 63413507  |c 20210209  |g RCR 
856 4 |u http://earchive.tpu.ru/handle/11683/15403 
856 4 |u http://www.lib.tpu.ru/fulltext/c/2015/C40/V2/034.pdf 
942 |c BK